Aviões da FAB - Statistics

Estatísticas Gerais
  • Esse quiz foi jogado 392 vezes
  • A pontuação média é 17 de 30
Estatísticas das Respostas
Imagem Resposta % Correto
A-29 Super Tucano
86%
F-5 Tiger
85%
F-39 Gripen
83%
KC-390 Millenium
81%
T-27 Tucano
81%
C-130 Hércules
76%
T-25 Universal
73%
C-95M Bandeirante
69%
C-98 Caravan
67%
A-1 AMX
66%
AH-2 Sabre
60%
C-105 Amazonas
60%
H-50 Esquilo
60%
H-60 Black Hawk
59%
H-36 Caracal
58%
C-99
55%
P-95 Bandeirulha
55%
P-3AM Orion
54%
E-99
50%
VC-1
50%
C-97 Brasília
48%
VC-2
48%
R-99
45%
VH-36 Caracal
42%
RQ-450
31%
RQ-900
31%
VH-35
29%
IU-50 Legacy 500
25%
IU-93A Hawker
19%
R-35AM
15%
Nenhum quiz correspondente encontrado
Distribuição das Pontuações
Porcentagem de Pessoas com Cada Pontuação
Percentil de Números Respondidos
Sua Pontuação Histórica
Você não jogou esse quiz